Jasin Cekinmez

Princeton B


Categories

History - World History03023051100.3301
Literature - European Literature020020111126.5000
History - European History0100109191.0000
Literature - American Literature010110127127.0000
Religion0100105555.0000
Fine Arts - Other Fine Arts010110113113.0000
Social Science010110119119.0001
Geography0100104747.0001

Buzzes

GeographyMoldova1047
History - World HistoryEthiopia1051
ReligionHindu temples1055
Fine Arts - Other Fine ArtsGermany062
History - European Historysalt1091
Literature - European LiteraturePortuguese10111
Fine Arts - Other Fine Artsdrag10113
History - World HistoryGran Colombia10113
Social ScienceBali10119
History - World HistoryKwame Nkrumah0124